| 000 | 003920000a22001690004500 | ||
|---|---|---|---|
| 003 | LK-CoMWRAF | ||
| 008 | 230817t ||||| |||| 00| 0 eng d | ||
| 040 |
_aLK-CoMWRAF _dLK-CoMWRAF _eLK-CoMWRAF |
||
| 041 | _aeng | ||
| 082 |
_a022 _bPAR |
||
| 245 |
_aPinanthinnikal _b |
||
| 250 | _a5th.ed | ||
| 260 |
_aMadras _bChennai books _c1990 |
||
| 300 | _ap.96 | ||
| 650 | _aliterature | ||
| 942 | _cBK | ||
| 999 |
_c2834 _d2834 |
||